000 01259nam a22002537a 4500
005 20080709113244.0
006 a|||||r|||||00| 0
008 080709t xxu||||| |||| 00| 0 hin d
010 _aHIN-83802
020 _c80.00
035 _aHN-56148
037 _bDBAD / PUB
040 _aDPL
_bHN
082 _a821.08
100 _aगुप्ता, विश्वम्भरदयाल
245 _aरामचरितमानस संक्रमित समाज और सामाजिक पुनर्गठन /
_cविश्वम्भरदयाल गुप्ता
246 _aRamcharitmanas sankrmit samaj aur samajik punargathan
_bby Vishvambhardayal Gupta
260 _aहाथरस
_bसीता प्रकाशन
_c2006
270 _aमोतीबाजार
_bहाथरस
_e204101
300 _a67पृ
_c22सेमी(सजिल्द)
650 _aPoetic Criticism
942 _2ddc
_cHN
_h821.08
_m गुप्तावि
999 _c14338
_d14338